Тайната на Керевен : (Запис номер 374510)
[ съкратено ]
| 000 -Лидер | |
|---|---|
| Контролно поле с фиксирана дължина | 01334nam a2200265 a 4500 |
| 003 - Код на организацията, давaща контролен номер | |
| Контролно поле | BLK |
| 005 - Дата и час на последна редакция | |
| Контролно поле | 20230613160006.0 |
| 008 - Елементи от данни с фиксирана дължина | |
| fixed length control field | 200710b bu ||||| |||| 00| 0 bu d |
| 040 ## - Източник на каталожния запис | |
| Идентификатор на билиотеката - собственик на записа | BLK |
| 041 ## - Код за език | |
| Код за езика на текст/звукозапис или на отделно заглавие | Български |
| Код за езика КДБФ | Български |
| 080 ## - УДК | |
| Текстов определител УДК | Френска литература |
| УДК код - определител по УДК | 821.133.1 |
| УДК определител | -31 |
| УДК - код + определител | 821.133.1-31 |
| 100 ## - Редна дума - Автор | |
| R(LIN) | 246616 |
| Автор | Дели, Марион |
| Авторска отговорност | първи автор |
| Автор - информация (биография) | Пьотижан дьо ла Розиер, Фредерик Анри Жозеф |
| 139 ## - Редно поле | |
| Редна дума | Дели, Марион |
| Авторски знак | Дели - Д 37 |
| 245 ## - Сведения за заглавието | |
| Заглавие | Тайната на Керевен : |
| Подзаглавни данни | Роман : Ч. 1 - 3 |
| Редно поле (дума) | Марион Дели ; [Прев.] |
| Том | Ч. 1 |
| 260 ## - Област на издателските данни | |
| 9 (RLIN) | 212648 |
| Място на издаване, разпространение и проч. | Пловдив |
| Име на издателя, разпространителя и проч. | БОИВЕСТ |
| Година на издаване | 1993 |
| Печатница | (София : График Амат) |
| Издателство - префикс ISBN | 954-548- |
| 300 ## - Физическа характеристика | |
| Страници | 154 с. |
| Размери/Мащаб | 19 см |
| 380 ## - Жанр | |
| Жанр | Худож. лит. |
| 490 ## - СЕРИИ (Колекции) | |
| 9 (RLIN) | 207200 |
| Име на серия | Серийни любовни романи |
| №: серия | 20 |
| 500 ## - Общи забележки | |
| Забележка | Ориг. загл. Le mistere de Ker-Even. - Марион Дели - псевд. на Фредерик Анри Жозеф Пьотижан дьо ла Розиер и Жана Мари Анриет Пьотижан дьо ла Розиер. - Прев. и ез. на прев. неустановени |
| 760 ## - Описание на основната серия | |
| Редна дума на основното описание | Дели, Марион |
| Страници - том | 154 с. |
| Част - том | Ч. 1 |
| 852 ## - Местоположение | |
| Форматна сигнатура | Цб 176339 |
| Фондова буква | Хранилище |
| 942 ## - АРТИКУЛИ | |
| Източник на класификационната схема | Universal Decimal Classification |
| Вид на библиотечния материал | Книги |
| Скрит в OPAC | Не |
| Периодичен библиозапис | Да |
| 944 ## - СЪЗДАВАНЕ И РЕДАКЦИЯ на ЗАПИСА | |
| Създаване/Редакция | Създаване |
| Дата на регистрацията/редакция | 2020-07-10 |
| Служител, извършил регистрацията/редакцията | ГГГ |
| 999 ## - СИСТЕМНИ КОНТРОЛНИ НОМЕРА | |
| Koha biblionumber | 374510 |
| Koha biblioitemnumber | 374510 |
| 999 ## - СИСТЕМНИ КОНТРОЛНИ НОМЕРА | |
| Koha biblioitemnumber | 374510 |
| Код за отписване | Код за изгубен артикул | Източник на класификационната схема | Код за повреда | Коз за рестрикции | Код за отдаване | Артикулен № | Име на библиотеката - собственик | Име на библиотеката, в която се намира в момента | Статус (Текущо местоположение) | Дата на вписване в системата | Местоположение - отдел | Цена в лева | Инвентарен номер | Систематично азбучна сигнатура | Баркод | Цена в евро | Служебен тип на артикула |
|---|---|---|---|---|---|---|---|---|---|---|---|---|---|---|---|---|---|
| Не е изгубен | Universal Decimal Classification | Не е повреден | без рестрикции | ползва се в читалня | 783769 | Регионална библиотека "Любен Каравелов" Русе | Регионална библиотека "Любен Каравелов" Русе | Хранилище | 2020-07-13 | Хранилище | 0.32 | 600559 | Цб 176339 | 120000600559 | 0.16 | Книги |